000 00420nam a2200169Ia 4500
008 230524s9999 xx 000 0 und d
020 _a9789380026411
082 _bCHE
100 _aDharma Raj Cheruku
_942999
245 0 _aSatellite Communication
250 _a1
260 _aNew Delhi
_bI.K.International
_c2012
300 _a"XIV,317p;"
500 _aQuantity Number: 1
650 _aElectronics
942 _cBK
999 _c57947
_d57947